header

Dune : (Record no. 250336)

MARC details
000 -LEADER
fixed length control field 00676cam a2200253 a 4500
001 - CONTROL NUMBER
control field 641713
003 - CONTROL NUMBER IDENTIFIER
control field OSt
005 - DATE AND TIME OF LATEST TRANSACTION
control field 20151008135002.0
008 - FIXED-LENGTH DATA ELEMENTS--GENERAL INFORMATION
fixed length control field 880418c19871965nyub 000 1 eng d
020 ## - INTERNATIONAL STANDARD BOOK NUMBER
International Standard Book Number 0441172660 :
Terms of availability $4.50
035 ## - SYSTEM CONTROL NUMBER
System control number (OCoLC)750379482
System control number (OCoLC)ocn750379482
System control number (CStRLIN)NYCG88-B27452
System control number (NNC)641713
040 ## - CATALOGING SOURCE
Original cataloging agency NNC
Transcribing agency NNC
090 ## - LOCALLY ASSIGNED LC-TYPE CALL NUMBER (OCLC); LOCAL CALL NUMBER (OCLC)
Classification number (OCLC) (R) ; Classification number, CALL (RLIN) (NR) PS3558.E63
Local cutter number (OCLC) ; Book number/undivided call number, CALL (RLIN) D8 1987g
100 1# - MAIN ENTRY--PERSONAL NAME
Personal name Herbert, Frank.
245 10 - TITLE STATEMENT
Title Dune :
Remainder of title book one in the Dune chronicles /
Statement of responsibility, etc Frank Herbert.
250 ## - EDITION STATEMENT
Edition statement Ace ed.
260 ## - PUBLICATION, DISTRIBUTION, ETC. (IMPRINT)
Place of publication, distribution, etc New York :
Name of publisher, distributor, etc Ace Books,
Date of publication, distribution, etc 1987, c1965.
300 ## - PHYSICAL DESCRIPTION
Extent 535 p. :
Other physical details map ;
Dimensions 18 cm.
942 ## - ADDED ENTRY ELEMENTS (KOHA)
Source of classification or shelving scheme Library of Congress Classification
Koha item type Long Loan Books
Holdings
Withdrawn status Lost status Source of classification or shelving scheme Damaged status Not for loan Collection code Home library Current library Shelving location Date acquired Total Checkouts Full call number Barcode Date last seen Date checked out Price effective from Koha item type
    Library of Congress Classification     Fiction Rongo University Library Rongo University Library General Stacks 08/10/2015 1 PS3558 .E63D8 1965 20154014 20/11/2015 19/11/2015 08/10/2015 Long Loan Books

© 2026 Rongo University
Contact us: librarian | system librarian | Rongo university